Дууч шувууд (Бичлэгийн дугаар. 741049)

MARC дэлгэрэнгүй
000 -Удирдлага
Ном зүйн бүртгэл тоо буюу кодлох утгыг агуулсан 00871nam a22002297a 4500
008 - ЕРӨНХИЙ МЭДЭЭЛЭЛ-ЭЛЕМЕНТҮҮДИЙН ӨГӨГДЛИЙН УРТ
fixed length control field 240604b mp ||||| |||| 00| 0 mon d
020 ## - ОЛОН УЛСЫН СТАНДАРТ НОМЫН ДУГААР-ISBN
Олон Улсын Стандарт Номын Дугаар 99929-0-475-5
035 ## - СИСТЕМИЙН ХЯНАЛТЫН ДУГААР
Системийн хяналтын дугаар 4656
040 ## - ЭХ СУРВАЛЖИЙГ ТОДОРХОЙЛОН БИЧИХ
Анхны каталогийн байгууллага DA0445040
Каталогийн хэл Монгол
Бичлэг хийж нэвтрүүлэх байгууллага MN-UlNLM
Өөрчлүүлэх байгууллага MN-UlNLM
Бичиглэлийн тодорхойлолт rda
041 ## - ХЭЛНИЙ КОД
Текстийн хэлний код/фонограм буюу салангид гарчиг Монгол
042 ## - AUTHENTICATION CODE
Authentication code 14333
082 ## - ДЬЮИ АРАВТЫН АНГИЛЛЫН ДУГААР
Дьюигийн аравтын ангилал 21
Classification number 598.8
Item number К.923
100 ## - ЗОХИОГЧИЙН ХЭСЭГ
Зохиогчийн нэр Куппэр Х.
245 #0 - ҮНДСЭН ГАРЧИГ
Гарчиг Дууч шувууд
264 ## - ГАРАЛТЫН МЭДЭЭ
Хэвлэгдсэн газар Улаанбаатар
Бүтээгч, хэвлэгч, түгээгч, үйлдвэрлэгчийн нэр Монсудар хэвлэлийн газар
300 ## - ТООНЫ МЭДЭЭ
Хуудасны тоо х.
336 ## - АГУУЛГЫН ТӨРӨЛ
Нөөц rdacontent
Агуулгын төрлийн нөхцөл text
Агуулгын төрлийн код txt
337 ## - MEDIA TYPE
Эх сурвалж rdamedia
Файлын төрөл unmediated
Файлын код n
338 ## - CARRIER TYPE
Source rdacarrier
Carrier type term volume
Carrier type code nc
650 ## - Сэдэв
Сэдэв Аюул осол тохиолдвол шувууд хоорондоо жиргэн бие биедээ анхааруулах дохио өгнө. Зарим дууч шувуудын зөвхөн эрэгчин нь жиргэдэг а...
942 ## - ЭЛЕМЕНТИЙН ТӨРӨЛ
Анги Аравтын ангилал
Төрөл Ном
Захиалгууд
Буцаан татагдсан төлөв Хасагдсан шалтгаан Гэмтсэн төлөв Данс заагч Захиалах боломжгүй Үндсэн номын сан Одоогийн байршил Салбар танхим Салбар танхим Бүртгэсэн огноо Тавиурын заалт Баркод Үнэ Хамгийн сүүлд байсан огноо Нийт уншлаганд гарсан тоо Дансны дугаар Төрөл
      Монгол номын данс   Дархан-Уул Дархан-Уул Дархан | Үндсэн фонд Дархан | Үндсэн фонд 2024-06-05 598.8 / К.923 DA0444656-3-1 1000.00 2024-06-05   27430 Ном
      Монгол номын данс   Дархан-Уул Дархан-Уул Дархан | Үндсэн фонд Дархан | Үндсэн фонд 2024-06-05 598.8 / К.923 DA0444656-3-2 1000.00 2024-06-05   36001 Ном
      Монгол номын данс   Дархан-Уул Дархан-Уул Дархан | Нийтийн уншлага Дархан | Нийтийн уншлага 2024-06-05 598.8 / К.923 DA0444656-1-1 1000.00 2024-06-05   27526 Ном
      Монгол номын данс   Дархан-Уул Дархан-Уул Дархан | Нийтийн уншлага Дархан | Нийтийн уншлага 2024-06-05 598.8 / К.923 DA0444656-1-2 1000.00 2024-06-05   19428 Ном